|
|
|
|
| LEADER |
00000cam a2200000 7i4500 |
| 001 |
0000019276 |
| 005 |
20090522.0 |
| 008 |
090520s -uka eng |
| 020 |
|
|
|a 9780230507890 ,
|c RM113.55
|
| 040 |
|
|
|a INS
|
| 090 |
0 |
0 |
|a LC41
|b L56 2007
|
| 100 |
1 |
|
|a Lindsey Neville
|
| 245 |
1 |
4 |
|a The personal tutor's handbook
|c Lindsey Neville
|
| 260 |
|
|
|a New York :
|b Palgrave Macmillan ,
|c 2007
|
| 300 |
|
|
|a xiii, 172p. :
|b ill. ;
|c 22cm.
|
| 500 |
|
|
|a Includes index
|
| 650 |
|
0 |
|a Academic advisors
|x Handbooks, manuals, etc
|
| 650 |
|
0 |
|a College teaching
|x Handbooks, manuals, etc
|
| 650 |
|
0 |
|a Conseling in higher education
|x Handbooks, manuals, etc
|
| 650 |
|
0 |
|a Tutors and tutoring
|x Handbooks, manuals, etc
|
| 999 |
|
|
|a 0000020933
|b BOOK
|c Open Shelf
|e Default branch
|